Central Library OPAC University of Rajshahi

World population : (Record no. 35646)

MARC details
000 -LEADER
fixed length control field 00928nam a22003011a 4500
001 - CONTROL NUMBER
control field 35646
003 - CONTROL NUMBER IDENTIFIER
rucl marc code BD-RjUL
005 - DATE AND TIME OF LATEST TRANSACTION
control field 20211209052346.0
008 - FIXED-LENGTH DATA ELEMENTS--GENERAL INFORMATION
fixed length control field 140528s1970 ilu bs 000 0 eng d
020 ## - INTERNATIONAL STANDARD BOOK NUMBER
International Standard Book Number 0226432343
035 ## - SYSTEM CONTROL NUMBER
System control number (BD-RjUL)35741
System control number (BD-RjUL)
040 ## - CATALOGING SOURCE
Original cataloging agency LC
Language of cataloging eng
Transcribing agency LC
Modifying agency ABN-SNR
-- BD-RjUL
041 ## - LANGUAGE CODE
Language code of text/sound track or separate title eng
082 04 - DEWEY DECIMAL CLASSIFICATION NUMBER
Classification number 304.6
Edition number 21
Author mark and year KEW 1970
100 1# - MAIN ENTRY--PERSONAL NAME
Personal name Keyfitz, Nathan,
Dates associated with a name 1913-
9 (RLIN) 108046
245 10 - TITLE STATEMENT
Title World population :
Remainder of title an analysis of vital data /
Statement of responsibility, etc. Nathan Keyfitz and Wilhelm Flieger.
260 ## - PUBLICATION, DISTRIBUTION, ETC. (IMPRINT)
Place of publication, distribution, etc. Chicago :
Name of publisher, distributor, etc. University of Chicago Press,
Date of publication, distribution, etc. c1968 [ Impression 1970 ]
300 ## - PHYSICAL DESCRIPTION
Pagination xi, 672 p. ;
Size 29 cm.
504 ## - BIBLIOGRAPHY, ETC. NOTE
Bibliography, etc Bibliography: p. [667]-671.
650 #0 - SUBJECT ADDED ENTRY--TOPICAL TERM
Topical term or geographic name as entry element Population
General subdivision Statistics.
9 (RLIN) 108037
Topical term or geographic name as entry element Population
General subdivision Statistics.
9 (RLIN) 108037
700 1# - ADDED ENTRY--PERSONAL NAME
Personal name Flieger, Wilhelm.
942 ## - ADDED ENTRY ELEMENTS (KOHA)
Source of classification or shelving scheme Dewey Decimal Classification
Koha item type Books
Holdings
Lost status Source of classification or shelving scheme Damaged status Not for loan Collection code Permanent Location Current Location Shelving location Date acquired Source of acquisition Cost, normal purchase price Total Checkouts Full call number Date last seen Copy number Koha item type
  Dewey Decimal Classification     Non-fiction Central Library, University of Rajshahi Central Library, University of Rajshahi   04/05/1974 Asia foundation 0.00   304.6 KEW 1970 28/05/2014 C-4 Books
  Dewey Decimal Classification     Non-fiction Central Library, University of Rajshahi Central Library, University of Rajshahi   04/05/1974 Asia foundation 0.00   304.6 KEW 1970 28/05/2014 C-3 Books
  Dewey Decimal Classification     Non-fiction Central Library, University of Rajshahi Central Library, University of Rajshahi   11/11/1970 Zeitlinger 148.00   304.6 KEW 1970 14/11/2016 C-2 Books
  Dewey Decimal Classification   Not For Loan Rare Books Central Library, University of Rajshahi Central Library, University of Rajshahi Rare Book Section 28/11/1974 Jonathan Wren and Co., London 7.90   RA 304.6 KEW 1970 15/04/2019 C-1 Rare Books